000
00346nam a2200133Ia 4500
008
230312s9999||||xx |||||||||||||| ||und||
082
_a
891.4
_b
RAF-B
100
_a
رفیع الدین ذکی قر یشی اشرفی
245
0
_a
بخشِش کی گھٹا
260
_b
Almadina
_a
pak
_c
2014
300
_a
144
650
_a
Literature
942
_c
BK
999
_c
15031
_d
15031